Kapitoly ze speciální pedagogiky /

Další autoři: Pipeková, Jarmila, 1955-
Jazyk: Čeština
Vydáno: Brno : Paido, 1998
Edice: Edice pedagogické literatury
Témata:
Fyzický popis: 234 s. : il. ; 23 cm
Language note: České a německé resumé
Knihy
Uloženo v:
LEADER 01973nam a2200445 a 4500
001 000389606
003 CZ BrMZK
005 20221024201320.0
007 ta
008 030412s1998 xr a f |||| 0 cze d
015 |a cnb000648218 
020 |a 80-85931-65-6 
035 |a (OCoLC)41531707 
040 |a BOA001  |b cze 
041 0 |a cze  |b cze  |b ger 
072 7 |a 376  |x Výchova a vzdělávání zvláštních skupin osob  |2 Konspekt  |9 22 
072 7 |a 37.016  |x Učební osnovy. Vyučovací předměty. Učebnice  |2 Konspekt  |9 22 
080 |a 376  |2 MRF 
080 |a (075.8)  |2 MRF 
245 0 0 |a Kapitoly ze speciální pedagogiky /  |c Jarmila Pipeková a kol. 
260 |a Brno :  |b Paido,  |c 1998 
300 |a 234 s. :  |b il. ;  |c 23 cm 
490 1 |a Edice pedagogické literatury 
504 |a Obsahuje bibliografii 
546 |a České a německé resumé 
650 0 7 |a speciální pedagogika  |7 ph116230  |2 czenas 
655 7 |a učebnice vysokých škol  |7 fd133772  |2 czenas 
700 1 |a Pipeková, Jarmila,  |d 1955-  |7 xx0001377  |4 aut 
830 0 |a Edice pedagogické literatury 
910 |a BOA001  |b 2-1054.682  |b PK-0131.502 
920 |a 000395068 
990 |a BK 
991 |f 376 KAP 
996 7 |b 2610084990  |c 2-1054.682  |l MZK  |r Sklad / do 1 hodiny  |n 121  |p p.v.  |w 000389606  |u 000010  |a 1  |e BOA001  |j MZK50  |s A 
996 6 |b 2610548449  |c 2-1054.682  |l MZK  |r Sklad / do 1 hodiny  |n 0  |p dar  |w 000389606  |u 000020  |a 1  |e BOA001  |j MZK50  |s P 
996 7 |b 3119015725  |c PK-0131.502  |l MZK  |r Sklad / do 1 hodiny  |n 98  |p kup  |w 000389606  |u 000030  |a 1  |e BOA001  |j MZK50  |s A 
996 7 |b 3119015726  |c PK-0131.502  |l MZK  |r Sklad / do 1 hodiny  |n 106  |p kup  |w 000389606  |u 000040  |a 1  |e BOA001  |j MZK50  |s A 
996 7 |b 3119015727  |c PK-0131.502  |l MZK  |r Sklad / do 1 hodiny  |n 97  |p kup  |w 000389606  |u 000050  |a 1  |e BOA001  |j MZK50  |s A 
996 7 |b 3119015728  |c PK-0131.502  |l MZK  |r Sklad / do 1 hodiny  |n 98  |p kup  |w 000389606  |u 000060  |a 1  |e BOA001  |j MZK50  |s A 
996 7 |b 3119015729  |c PK-0131.502  |l MZK  |r Sklad / do 1 hodiny  |n 110  |p kup  |w 000389606  |u 000070  |a 1  |e BOA001  |j MZK50  |s A